| 000 | 00610cam a2200205 4500500 | ||
|---|---|---|---|
| 005 | 20260405002804.0 | ||
| 041 | _afre | ||
| 042 | _adc | ||
| 100 | 1 | 0 |
_aLacroix, Samuel _eauthor |
| 245 | 0 | 0 | _aOn ne naît pas soumise, on le devient |
| 260 | _c2018. | ||
| 500 | _a24 | ||
| 690 | _aFéminisme | ||
| 690 | _aFemmes | ||
| 690 | _aManon Garcia | ||
| 690 | _aSimone de Beauvoir | ||
| 690 | _aSoumission | ||
| 786 | 0 | _nPhilosophie magazine | 123 | 10 | 2018-10-01 | p. 40-41 | 1951-1787 | |
| 856 | 4 | 1 | _uhttps://shs.cairn.info/magazine-philosophie-magazine-2018-10-page-40?lang=fr&redirect-ssocas=7080 |
| 999 |
_c2061162 _d2061162 |
||